书目信息 |
| 题名: |
常用单位换算手册
|
|
| 作者: | 王绍卿 , 陈华英 编 | |
| 分册: | ||
| 出版信息: | 北京 国防工业出版社 1982.2 |
|
| 页数: | 152页 | |
| 开本: | 20cm | |
| 丛书名: | ||
| 单 册: | ||
| 中图分类: | TB91-64 | |
| 科图分类: | ||
| 主题词: | 计量单位 , 单位制 | |
| 电子资源: | ||
| ISBN: | ||
| 000 | 00603nam0 2200205 45 | |
| 001 | 0312221749 | |
| 005 | 20060820091712.51 | |
| 010 | @dCNY1.10 | |
| 100 | @a20031222d1982 km y0chiy0120 ea | |
| 101 | @achi | |
| 200 | 1 | @a常用单位换算手册@AChang Yong Dan Wei Huan Suan Shou Ce@f王绍卿,陈华英编@Fwang shao qing,chen hua ying bian |
| 210 | @a北京@c国防工业出版社@d1982.2 | |
| 215 | @a152页@d20cm | |
| 606 | 0 | @a计量单位 |
| 606 | 0 | @a单位制 |
| 690 | @aTB91-64@v3 | |
| 701 | 0 | @a王绍卿@Awang shao qing@4编 |
| 701 | 0 | @a陈华英@Achen hua ying@4编 |
| 801 | @aCN@bTSTCL@c20060820 | |
| 905 | @a213230@dTB91-64@e1 | |
| 常用单位换算手册/王绍卿,陈华英编.-北京:国防工业出版社,1982.2 |
| 152页;20cm |
| ISBN :CNY1.10 |
| ● |
| 相关链接 |
|
|
|
|
正题名:常用单位换算手册
索取号:TB91-64/1
 
预约/预借
| 序号 | 登录号 | 条形码 | 馆藏地/架位号 | 状态 | 备注 |
| 1 | 0060088 | 202256959 | 密集书库/ [索取号:TB91-64/1] | 在馆 | |
| 2 | 0060089 | 202208262 | 密集书库/ [索取号:TB91-64/1] | 在馆 | |
| 3 | 0060090 | 202208306 | 密集书库/ [索取号:TB91-64/1] | 在馆 | |
| 4 | 0060091 | 202208342 | 密集书库/ [索取号:TB91-64/1] | 在馆 | |
| 5 | 0060092 | 202208388 | 密集书库/ [索取号:TB91-64/1] | 在馆 | |
| 6 | 0060093 | 202208422 | 密集书库/ [索取号:TB91-64/1] | 在馆 | |
| 7 | 0060094 | 202256897 | 密集书库/ [索取号:TB91-64/1] | 在馆 | |
| 8 | 0060095 | 202256904 | 密集书库/ [索取号:TB91-64/1] | 在馆 | |
| 9 | 0060096 | 202256913 | 密集书库/ [索取号:TB91-64/1] | 在馆 | |
| 10 | 0060097 | 202256995 | 密集书库/ [索取号:TB91-64/1] | 在馆 | |
| 11 | 0470281 | 204702811 | 密集书库/ [索取号:TB91-64/1] | 在馆 | |
| 12 | 0470399 | 204703990 | 密集书库/ [索取号:TB91-64/1] | 在馆 |